000 00595cam a22002052 4500
001 0000012766
005 20151217161143.0
008 090319s xx 000 0 eng d
020 _a0192806482 :
040 _aKABU
_cKABU
245 1 2 _aA Dictionary of business and management.
250 _a4th ed.
260 _aOxford :
_bO. U. P.,
_c2006.
300 _aviii, 568 p.
650 0 _aFinance
_vDictionaries.
_@0000151840
650 0 _aBusiness
_xDictionaries.
_@0000169675
852 1 _9p3112.50 KES
908 _a090319
950 _@1
999 _c15115
_d15115